00000000nam 2200000zi 4500
0019.926841
003CaOODSP
00520250122131739
006m     o  d f      
007cr mn|||||||||
008230831t20242024abcab   ob   f000 0 eng d
020 |a9780660677644
040 |aCaOODSP|beng|erda|cCaOODSP
0410 |aeng|beng|bfre
043 |an-cn-ab
0861 |aFo133-1/431E-PDF
24514|aThe Ecosystem Management Emulating Natural Disturbance (EMEND) project : |ba description of the experiment and data collection / |cJ. Pinzon, B. Tomm, K. Solarik, D. Sidders, D.W. Langor, J. Volney, and J.R. Spence.
264 1|aEdmonton, Alberta : |bCanadian Forest Service, Northern Forestry Centre, |c2024.
264 4|c©2024
300 |a1 online resource (vii, 51 pages) : |billustrations, maps.
336 |atext|btxt|2rdacontent
337 |acomputer|bc|2rdamedia
338 |aonline resource|bcr|2rdacarrier
4901 |aInformation report, |x0831-8247 ; |vNOR-X-431
500 |aISSN is for print format of series.
504 |aIncludes bibliographical references (pages 24-26).
520 |a"The long-term and large-scale Ecosystem Management Emulating Natural Disturbance (EMEND) Project in the boreal forest of northwestern Alberta was initiated in 1998 to test the effects of residual forest structure on ecosystem integrity and forest regeneration. EMEND was designed test how this approach can maintain biotic communities, spatial patterns of forest structure and functional ecosystem integrity in comparison with mixed-wood landscapes that have originated through wildfire and other natural disturbance. This publication aims to provide background information about the project, including a general description of the landscape in which the EMEND project was established, a detailed account of the experimental design, a description of the core data collected over time, and the measures taken to ensure proper data management and storage"--Abstract, page iii.
546 |aIncludes abstracts in English and French.
650 0|aForest restoration|zAlberta.
650 0|aForest management|zAlberta.
650 0|aTaiga ecology|zAlberta.
650 6|aForêts|xRestauration|zAlberta.
650 6|aForêts|xGestion|zAlberta.
650 6|aÉcologie des taïgas|zAlberta.
7102 |aNorthern Forestry Centre (Canada), |eissuing body.
830#0|aInformation report (Northern Forestry Centre (Canada))|vNOR-X-431.|w(CaOODSP)9.504852
85640|qPDF|s11.70 MB|uhttps://publications.gc.ca/collections/collection_2025/rncan-nrcan/Fo133-1-431-eng.pdf